• 首页
  • 本馆介绍
  • 公告通知
  • 最新文献
  • 馆藏检索
  • 电子资源
  • 读者导购
  • 参考咨询
  • 我的图书馆
  • 登录
  • 详细信息显示
  • 放入我的书架
  • 预约/预借图书
  • 作者相关作品
  • 分类相关作品
  • 丛书相关作品
  • 出版社相关作品

书目信息

  • 表格格式
  • 工作单格式
  • 卡片格式
题名:
车载网络技术
    
 
作者: 肖广兵 主编
分册:  
出版信息: 北京   电子工业出版社  2016.4
页数: 184页
开本: 26cm
丛书名:
单 册:
中图分类: U463.67-39
科图分类:
主题词: 汽车--计算机网络--系统仿真--Matlab软件
电子资源:
ISBN: 978-7-121-28365-9
000 01213nam0 2200241 450
001 0400004237
005 20171023161712.0
010    @a978-7-121-28365-9@dCNY35.00
100    @a20160418d2016 em y0chiy50 ea
101 0  @achi
102    @aCN@b110000
105    @aa z 000yy
106    @ar
200 1  @a车载网络技术@9che zai wang luo ji shu@b专著@e基于Simulink仿真设计@f肖广兵主编
210    @a北京@c电子工业出版社@d2016.4
215    @a184页@c图@d26cm
330    @a本书以通信技术为基础,对车载网络技术进行详细介绍,并通过Simulink仿真实例将作者长期实践中积累的经验和心得融入书中。全书共7章,按内容的难度不同划分为两部分:第一部分为有线车载网络技术,主要介绍车载网络通信技术的概念、基础知识、模型和基本应用等,包括传统车载网络的结构和模型、控制器局域网CAN、TTCAN、局部连接网络LIN等;第二部分为无线车载网络技术,主要介绍当前新型智能无线网络在车辆通信中的应用,包括蓝牙、射频通信RFID技术、自组织车载网络VANET,以及车载WLAN、车载WiFi和MOST网络技术等。
517 1  @a基于Simulink仿真设计@9ji yu Simulink fang zhen she ji
606 0  @a汽车@x计算机网络@x系统仿真@xMatlab软件
690    @aU463.67-39@v5
701  0 @a肖广兵@9xiao guang bing@4主编
801  0 @aCN@b91MARC@c20171023
905    @b1028071-5@dU463.67-39@f5@e501
    
    车载网络技术:基于Simulink仿真设计/肖广兵主编.-北京:电子工业出版社,2016.4
    184页:图;26cm
    
    
    ISBN 978-7-121-28365-9:CNY35.00
    本书以通信技术为基础,对车载网络技术进行详细介绍,并通过Simulink仿真实例将作者长期实践中积累的经验和心得融入书中。全书共7章,按内容的难度不同划分为两部分:第一部分为有线车载网络技术,主要介绍车载网络通信技术的概念、基础知识、模型和基本应用等,包括传统车载网络的结构和模型、控制器局域网CAN、TTCAN、局部连接网络LIN等;第二部分为无线车载网络技术,主要介绍当前新型智能无线网络在车辆通信中的应用,包括蓝牙、射频通信RFID技术、自组织车载网络VANET,以及车载WLAN、车载WiFi和MOST网络技术等。
●
相关链接 在E读中查询图书 在五车中查询图书 在当当中查询图书 在豆瓣中查询图书


正题名:车载网络技术     索取号:U463.67-39/501         预约/预借

序号 登录号 条形码 馆藏地/架位号 状态 备注
1 1028071   210280710   第二样本阅览室/ [索取号:U463.67-39/501] 在馆    
2 1028072   210280729   第三借阅区/ [索取号:U463.67-39/501] 在馆    
3 1028073   210280738   第三借阅区/ [索取号:U463.67-39/501] 在馆    
4 1028074   210280747   第三借阅区/ [索取号:U463.67-39/501] 在馆    
5 1028075   210280756   密集书库-物理学院/ [索取号:U463.67-39/501] 在馆    
唐山师范学院图书馆 欢迎您!
大连网信软件有限公司© 版权所有